Guess The Flag(Hard) - Statistics

General Stats
  • This quiz has been taken 83 times
  • The average score is 41 of 45
Answer Stats
Question Tile Select % Correct
Costa Rica No
97%
Costa Rica No
97%
Ivory Coast No
97%
Ivory Coast No
97%
Ivory Coast No
97%
Ivory Coast No
97%
Malawi No
97%
Malawi No
97%
Costa Rica No
96%
Costa Rica No
96%
Ivory Coast No
96%
Ivory Coast No
96%
Ivory Coast No
96%
Malawi No
96%
Malawi No
96%
Tunisia No
96%
Tunisia No
96%
Tunisia No
96%
Costa Rica No
95%
Ivory Coast No
95%
Malawi No
95%
Guinea No
95%
Tunisia No
95%
Tunisia No
95%
Tunisia No
95%
Malawi No
93%
Guinea No
93%
Tunisia No
93%
Costa Rica No
92%
Malawi No
92%
Guinea No
92%
Costa Rica No
90%
Ivory Coast Yes
90%
Tunisia No
90%
Malawi No
89%
Guinea No
89%
Guinea No
89%
Costa Rica No
88%
Guinea No
88%
Guinea No
85%
Tunisia Yes
85%
Guinea No
77%
Malawi Yes
75%
Costa Rica Yes
71%
Guinea Yes
34%
No matching quizzes found
Score Distribution
Percent of People with Each Score
Percentile by Number Answered
Your Score History
You have not taken this quiz